Romans de Stephen King (Mort subite) - Statistiques

Statistiques générales
  • Ce quiz a été pris 353 fois
  • Le résultat moyen est 13 sur 20
Answers on the Grid
Answers color-coded by a green-red scale on the quiz's grid according to % correct below.
Carrie
Le Fléau
Cujo
Christine
Simetierre
Ca
Misery
Les Tommyknockers
Bazaar
La Petite Fille qui aimait Tom Gordon
Dôme
22/11/63
Billy Summers
Les Yeux du Dragon
Dolores Claiborne
La Ligne Verte
Running Man
Marche ou crève
La Peau sur les os
L'Institut
Dracula
Dune
Voyage au centre de la Terre
Les Misérables
L'île du Docteur Moreau
1984
Farenheit 451
Hypérion
Je suis une Légende
Da Vinci Code
 
Statistiques - réponses
Réponse % Correct
Ca
88%
Carrie
82%
Simetierre
80%
La Ligne Verte
76%
Misery
75%
Christine
69%
Marche ou crève
66%
Cujo
64%
22/11/63
63%
Dôme
61%
Le Fléau
61%
L'Institut
60%
La Peau sur les os
57%
Les Tommyknockers
56%
Running Man
56%
Billy Summers
55%
Dolores Claiborne
53%
Bazaar
51%
La Petite Fille qui aimait Tom Gordon
48%
Les Yeux du Dragon
44%
Aucun quiz correspondant
Distribution des résultats
% des personnes avec chaque résultat
Percentile par nombre de réponses
Votre historique - résultats
Vous n’avez pas pris ce quiz